Phylogénie : Les Cervidae - Statistiques

Statistiques générales
  • Ce quiz a été pris 12 fois
  • Le résultat moyen est 7 sur 43
Statistiques - réponses
Sous-famille Genre Nom scientifique Espèce % Correct
Capreolinae Alces Alces alces Elan / Orignal
91%
Cervinae Dama Dama dama Daim
73%
Cervinae Cervus Cervus elaphus Cerf élaphe
55%
Capreolinae Rangifer Rangifer tarandus Renne / Caribou
55%
Cervinae Cervus Cervus canadensis Wapiti
45%
Cervinae Axis Axis axis Cerf axis
27%
Cervinae Muntiacus Muntiacus reevesi Muntjac de Reeves
27%
Cervinae Axis Axis porcinus Cerf cochon
18%
Capreolinae Blastocerus Blastocerus dichotomus Cerf des marais
18%
Capreolinae Odocoileus Odocoileus virginianus Cerf de Virginie
18%
Cervinae Elaphurus Elaphurus davidianus Cerf du père David
18%
Cervinae Cervus Cervus nippon Cerf sika
18%
Capreolinae Capreolus Capreolus capreolus Chevreuil européen
18%
Capreolinae Mazama Mazama gouazoubira Daguet gris
18%
Capreolinae Mazama Mazama nana Mazame nain
18%
Cervinae Muntiacus Muntiacus muntjak Muntjac indien
18%
Capreolinae Pudu Pudu mephistophiles Pudu du Nord
18%
Capreolinae Pudu Pudu puda Pudu du Sud
18%
Cervinae Cervus Cervus (Rucervus) eldi Cerf d'Eld
9%
Cervinae Elaphodus Elaphodus cephalophus Cerf huppé
9%
Capreolinae Mazama Mazama chunyi Daguet nain
9%
Capreolinae Mazama Mazama americana Daguet rouge
9%
Capreolinae Mazama Mazama rufina Daguet roux
9%
Capreolinae Mazama Mazama bricenii Mazame nain gris
9%
Cervinae Muntiacus Muntiacus feae Muntjac de Fea
9%
Cervinae Muntiacus Muntiacus gongshanensis Muntjac de Gongshan
9%
Cervinae Muntiacus Muntiacus putaoensis Muntjac de Putao
9%
Cervinae Muntiacus Muntiacus truongsonensis Muntjac de Truong Son
9%
Cervinae Muntiacus Muntiacus vuquangensis Muntjac géant
9%
Cervinae Muntiacus Muntiacus crinifrons Muntjac noir
9%
Capreolinae Hippocamelus Hippocamelus antisensis Taruca / cerf andin
9%
Cervinae Cervus Cervus (Rucervus) duvaucelii Barasinga
0%
Cervinae Axis Axis calamianensis Cerf Calamian
0%
Capreolinae Hydropotes Hydropotes inermis Cerf d'eau de Chine
0%
Cervinae Axis Axis kuhlii Cerf de Bawean
0%
Capreolinae Ozotoceros Ozotoceros bezoarticus Cerf des pampas
0%
Cervinae Cervus Cervus mariannus Cerf des Philippines
0%
Capreolinae Odocoileus Odocoileus hemionus Cerf mulet
0%
Capreolinae Capreolus Capreolus pygargus Chevreuil de Sibérie
0%
Capreolinae Mazama Mazama pandora Daguet brun du Yucatan
0%
Cervinae Dama Dama mesopotamica Daim persan
0%
Capreolinae Hippocamelus Hippocamelus bisulcus, Huemul / güemal
0%
Cervinae Muntiacus Muntiacus atherodes Muntjac jaune de Bornéo
0%
Aucun quiz correspondant
Distribution des résultats
% des personnes avec chaque résultat
Percentile par nombre de réponses
Votre historique - résultats
Vous n’avez pas pris ce quiz